Hacia una cultura de la sostenibilidad (Registro nro. 9109)

Detalles MARC
000 -CABECERA
Campo de control 004860000a22001810004500
090 ## - CLASIFICACIÓN LOCAL
Colección AR
Consecutivo 00006
041 0# - IDIOMA
Código de idioma para texto/pista de sonido o título separado
100 1# - ASIENTO PRINCIPAL--NOMBRE PERSONAL
Nombre personal Carrizosa Umaña, Julio
245 10 - MENCION DE TITULO
Título Hacia una cultura de la sostenibilidad
650 14 - ASIENTO SECUNDARIO DE MATERIA - TERMINO TEMATICO
Término temático o nombre geográfico como elemento de entrada Desarrollo sostenible
650 14 - ASIENTO SECUNDARIO DE MATERIA - TERMINO TEMATICO
Término temático o nombre geográfico como elemento de entrada Ecología
650 14 - ASIENTO SECUNDARIO DE MATERIA - TERMINO TEMATICO
Término temático o nombre geográfico como elemento de entrada Cultura
650 14 - ASIENTO SECUNDARIO DE MATERIA - TERMINO TEMATICO
Término temático o nombre geográfico como elemento de entrada Historia
650 14 - ASIENTO SECUNDARIO DE MATERIA - TERMINO TEMATICO
Término temático o nombre geográfico como elemento de entrada Políticas ambientales
651 #4 - ASIENTO SECUNDARIO DE MATERIA - NOMBRE GEOGRAFICO
-- Colombia
773 1# - Item fuente:
Título Preprint
Especificación de materiales 3
Paginas del Articulo 1-14
Lugar, editorial y fecha de publicación 1995
942 ## - ELEMENTOS ADICIONALES (KOHA)
Tipo de ítem Artículo
Existencias
Withdrawn status Lost status Sistema de Clasificación Damaged status No para préstamo Colección Ubicación Permanente Ubicación actual Fecha de adquisición Total Checkouts Número topográfico Inventario / Código de Barras Date last seen Ejemplar Price effective from Tipo de material
    Dewey Decimal Classification   No para Préstamo Hemeroteca Bogotá Bogotá 27/02/2015   AR 00006 Fuera de circulación 010223 25/03/2015 1 25/03/2015 Artículo